A history of Africa: (Record no. 34891)

MARC details
000 -LEADER
fixed length control field 00453nam a22001577a 4500
008 - FIXED-LENGTH DATA ELEMENTS--GENERAL INFORMATION
fixed length control field 090521t xxu||||| |||| 00| 0 eng d
020 ## - INTERNATIONAL STANDARD BOOK NUMBER
International Standard Book Number 9966253572
050 ## - LIBRARY OF CONGRESS CALL NUMBER
Classification number DT20
Item number .O56 2006
100 ## - MAIN ENTRY--PERSONAL NAME
Personal name Okoth, Assa
245 ## - TITLE STATEMENT
Title A history of Africa:
Remainder of title 1800 - 1914
260 ## - PUBLICATION, DISTRIBUTION, ETC. (IMPRINT)
Place of publication, distribution, etc Nairobi
Name of publisher, distributor, etc East African Educational publishers
Date of publication, distribution, etc 2006
300 ## - PHYSICAL DESCRIPTION
Extent 414p. ;
Dimensions 25.5cm
440 ## - SERIES STATEMENT/ADDED ENTRY--TITLE
Volume number/sequential designation Vol. 1
500 ## - GENERAL NOTE
General note Includes bibliographical references and index
942 ## - ADDED ENTRY ELEMENTS (KOHA)
Source of classification or shelving scheme Library of Congress Classification
Item type Book
Holdings
Withdrawn status Lost status Source of classification or shelving scheme Damaged status Not for loan Collection code Home library Current library Shelving location Date acquired Total Checkouts Full call number Barcode Date last borrowed Copy number Price effective from Koha item type Source of acquisition
    Library of Congress Classification     Non-fiction Bishop Okullu Memorial Library (Limuru Campus) Bishop Okullu Memorial Library (Limuru Campus) Special Collection 21/05/2009 1 SPE DT20 .O56 2006 006453 09/03/2010 2 21/05/2009 Book Donation
    Library of Congress Classification     Non-fiction Nairobi Campus Nairobi Campus General Circulation 21/05/2009 4 DT20 .O56 2006 006452 22/02/2018 1 21/05/2009 Book